| 000 | 00413nam a2200193Ia 4500 | ||
|---|---|---|---|
| 001 | 13208 | ||
| 003 | GE_BSU | ||
| 008 | 181216s||||||||xx |||||||||||||| ||und|| | ||
| 020 | _a0000001508567 | ||
| 040 | _cGE_BSU | ||
| 080 | _a821.111-312.4 | ||
| 100 | _aSlaughter,Karin. | ||
| 245 | _aSkin privilege. | ||
| 260 | _bBCA. | ||
| 260 | _c2007 | ||
| 300 | _a401p;21cm. | ||
| 653 | _aSkin privilege. | ||
| 942 | _cBK | ||
| 999 |
_c46372 _d46372 |
||